000 00528nam a2200229Ia 4500
003 OSt
005 20220924142836.0
006 a|||||r|||| 00| 0
007 ta
008 ASM
024 _a303495
037 _cTextual
040 _aARTS
_cARTS
_bASM
041 _2ASM
_aASM
082 _aNTv261.N<-J, 158M4
100 _aBharali
245 0 _aAsamiya lok - natya - parampara
260 _c1984
650 _aARTS
942 _hNTv261.N<-J, 158M4
_cTEXL
_2CC
999 _c452148
_d452148